al-Taʻrīfāt muʻjam yashraḥ al-alfāẓ al-muṣṭalaḥ ʻalayhā bayna al-fuqahāʾ wa-al-mutakallimīn wa-al-nuḥāh wa-al-ṣarfiyīn wa-al-mufassirīn wa-ghayrahum. Wa-yalīhā Risālah fī bayān iṣṭilāḥāt raʾīs al-ṣūfīyah Sayyidī Muḥyī al-Dīn ibn al-ʻArabī al-wāridah fī kitābihi al-Futūḥāt al-Makkīyah
Saved in:
Main Author:
Format: Book
Language: Undetermined
Published:
Miṣr
al-Bābī al-ḥalabī
1938.
Subjects:
Tags: Add Tag
No Tags, Be the first to tag this record!
Call Number: BP189 .J8 1938
| LEADER | 00753nam a2200133Ia 4500 | ||
|---|---|---|---|
| 008 | 231106s9999||||xx |||||||||||||| ||und|| | ||
| 050 | 4 | |a BP189 .J8 1938 | |
| 100 | 1 | |a Jurjānī, ʻAlī ibn Muḥammad, al-Sayyid al-Sharīf, 1340-1413. | |
| 245 | 1 | 0 | |a al-Taʻrīfāt |b muʻjam yashraḥ al-alfāẓ al-muṣṭalaḥ ʻalayhā bayna al-fuqahāʾ wa-al-mutakallimīn wa-al-nuḥāh wa-al-ṣarfiyīn wa-al-mufassirīn wa-ghayrahum. Wa-yalīhā Risālah fī bayān iṣṭilāḥāt raʾīs al-ṣūfīyah Sayyidī Muḥyī al-Dīn ibn al-ʻArabī al-wāridah fī kitābihi al-Futūḥāt al-Makkīyah |
| 264 | 1 | |a Miṣr |b al-Bābī al-ḥalabī |c 1938. | |
| 300 | |a 246 p. |c 22 cm. | ||
| 650 | 4 | |a Arabic language -- Terms and phrases. | |
| 942 | |2 lcc |c BK | ||
| 999 | |c 54990 |d 54990 | ||
